Szczegóły MARC21

Une grammaire des textes et des dialogues /

003 -Nazwa inst., której nr kontr. jest w polu 001 [,]
    • @
    • Nazwa instytucji, której n kontrolny jest w polu 001
    • NUKAT
005 -DATA I CZAS OSTATNIEJ MODYFIKACJI [,]
    • @
    • pole kontrolne
    • 20241231092049.0
020 -Międzynarod. znormalizowany nr książki - ISBN [ , ]
    • a
    • Numer ISBN
    • 201016265X Find
040 -Instytucja sporządzająca opis [ , ]
    • a
    • Instytucja, która sporządziła opis (NP)
    • GD U/MGR
    • b
    • Język katalogowania
    • pol
    • e
    • Zasady katalogowania
    • rda
    • c
    • Instytucja, która sporządziła rekord (NP)
    • GD U/MGR
    • d
    • Instytucja, która zmodyfikowała rekord (P)
    • GD U/MGRs
942 -Rodzaj dokumentu [ , ]
    • c
    • Rodzaj dokumentu
    • Książka
100 -Hasło główne - nazwa osobowa [1, ]
    • a
    • Nazwa osobowa (NP)
    • Moirand, Sophie
    • d
    • Daty biograficzne (NP)
    • (1943- ).
    • e
    • Rodzaj współpracy
    • Autor
    • 9
    • KHW
    • 422503
245 -Strefa tytułu i oznaczenia odpowiedzialności [1,4]
    • a
    • Tytuł
    • Une grammaire des textes et des dialogues / Find
    • c
    • Pozostałe elementy strefy tytułu i oznaczenia odpowiedzialności (NP)
    • Sophie Moirand.
250 -Strefa wydania [ , ]
    • a
    • Oznaczenie wydania (NP)
    • Édition nº 02.
260 -Strefa adresu wydawniczego [ , ]
    • a
    • Miejsce wydania (P)
    • Vanves :
    • b
    • Nazwa wydawcy (P)
    • Hachette F.L.E.,
    • c
    • Data wydania (P)
    • 1994.
300 -Strefa opisu fizycznego [ , ]
    • a
    • Określenie formy książki i/lub objętość (NP)
    • 159, [1] strona :
    • b
    • Oznaczenie ilustracji (NP)
    • ilustracje ;
    • c
    • Format (NP)
    • 23 cm.
336 -Typ zawartości [ , ]
    • a
    • Termin opisujący typ zawartości
    • Tekst
    • b
    • Kod określający zawartość
    • txt
    • 2
    • Źródło (terminu i kodu)
    • rdacontent
337 -Typ mediów [ , ]
    • a
    • Tryb odtwarzania
    • Bez urządzenia pośredniczącego
    • b
    • Kod typu mediów
    • n
    • 2
    • Źródło (terminu i kodu)
    • rdamedia
338 -Typ/rodzaj nośnika [ , ]
    • a
    • Hasło opisujące typ nośnika
    • Wolumin
    • b
    • Kod typu nośnika
    • nc
    • 2
    • Źródło (terminu i kodu)
    • rdacarrier
490 -Strefa serii i książki wielotomowej - forma nie do wyszukiwania [1, ]
    • a
    • Tytuł (P)
    • F. Autoformation Find
830 -Hasło dodatkowe serii i opisu książki wielotomowej - tytuł ujednolicony/tytuł [ ,0]
    • a
    • Tytuł ujednolicony/tytuł (NP)
    • F.
    • p
    • Nazwa części/podserii/sekcji (P)
    • Autoformation
    • x
    • ISSN
    • 1142-7094
    • 9
    • KHW
    • 18557
504 -Uwaga dot. bibliogr. załącznikowej [ , ]
    • a
    • Uwaga dot. bibliografii załącznikowej
    • Bibliografia na stronie 153 oraz przy rozdziałach. Indeks.
080 -Uniwersalna Klasyfikacja Dziesiętna [ , ]
    • a
    • Symbol klasyfikacji
    • 804.0-07=40
080 -Uniwersalna Klasyfikacja Dziesiętna [ , ]
    • a
    • Symbol klasyfikacji
    • :804.0-5=40
650 -Hasło przedmiotowe [ ,7]
    • a
    • Hasło przedmiotowe
    • Akty mowy.
    • 2
    • Źródło terminu
    • kaba
    • 9
    • KHW
    • 100815
650 -Hasło przedmiotowe [ ,7]
    • a
    • Hasło przedmiotowe
    • Język francuski
    • x
    • Określnik rzeczowy
    • dyskurs.
    • 2
    • Źródło terminu
    • kaba
    • 9
    • KHW
    • 647776
650 -Hasło przedmiotowe [ ,7]
    • a
    • Hasło przedmiotowe
    • Komunikacja ustna.
    • 2
    • Źródło terminu
    • kaba
    • 9
    • KHW
    • 114890
650 -Hasło przedmiotowe [ ,7]
    • a
    • Hasło przedmiotowe
    • Mass media i język.
    • 2
    • Źródło terminu
    • kaba
    • 9
    • KHW
    • 118507
650 -Hasło przedmiotowe [ ,7]
    • a
    • Hasło przedmiotowe
    • Zachowanie werbalne.
    • 2
    • Źródło terminu
    • kaba
    • 9
    • KHW
    • 163326
980 -Symbol UKD [ , ]
    • a
    • UKD
    • 804.0-07:804.0-5]=40
710 -Hasło dodatkowe - nazwa ciała zbiorowego [2, ]
    • a
    • Nazwa ciała zbiorowego lub nazwa geograficzna jako pierwszy element (NP)
    • Hachette (Paryż).
    • e
    • Rodzaj współpracy
    • Wydawca
    • 4
    • Kod relacji
    • pbl
    • 9
    • KHW
    • 78221
920 -ISBN [ , ]
    • a
    • ISBN
    • 2-01-016265-X Find
Numer inwentarzowy Lokalizacja Status udost. Sygnatura Data inwentaryzacji
A.5494BM1FR. Dydaktyka jęz. obcych 381999-10-20
A.5496BM2 1999-10-20
A.5495BM-3 1999-10-20